00497nam a22001577a 4500020001800000040000900018082001600027100002900043245003200072250001700104260003300121650004000154942001200194999001900206952011400225 a9780071210492 cNust a808.51bLUC aStephen E. Lucas9127590 aThe Art of Public Speaking  a7th Edition  aBoston:bMcGraw Hill,c2001. aThe Art of Public Speaking 9127591 2ddccBK c612671d612671 00102ddc4070aCEMEbCEMEcFICd2025-01-15j1o808.51 LUCpCEME- 36500r2025-01-15w2025-01-15yBKzCART-4